Loading...
| Current Events | 2 | 15.00 | 50% | 100% | 0% |
| Fine Arts - Classical Music | 3 | 23.33 | 100% | 100% | 33% |
| Fine Arts - Other Fine Arts | 6 | 20.00 | 100% | 67% | 33% |
| Geography | 3 | 20.00 | 100% | 67% | 33% |
| History - American History | 4 | 15.00 | 75% | 25% | 50% |
| History - European History | 6 | 6.67 | 50% | 17% | 0% |
| History - Other History | 5 | 14.00 | 100% | 40% | 0% |
| History - World History | 7 | 17.14 | 71% | 86% | 14% |
| Literature - American Literature | 8 | 17.50 | 88% | 63% | 25% |
| Literature - British Literature | 5 | 14.00 | 80% | 60% | 0% |
| Literature - European Literature | 6 | 16.67 | 83% | 83% | 0% |
| Literature - World Literature | 1 | 20.00 | 100% | 100% | 0% |
| Mythology | 6 | 16.67 | 100% | 33% | 33% |
| Painting/Sculpture | 3 | 16.67 | 100% | 33% | 33% |
| Philosophy | 3 | 20.00 | 100% | 67% | 33% |
| Pop Culture | 4 | 15.00 | 75% | 50% | 25% |
| Religion | 3 | 16.67 | 100% | 67% | 0% |
| Science - Biology | 3 | 10.00 | 100% | 0% | 0% |
| Science - Chemistry | 5 | 22.00 | 100% | 80% | 40% |
| Science - Other Science | 8 | 15.00 | 88% | 63% | 0% |
| Science - Physics | 6 | 11.67 | 100% | 17% | 0% |
| Social Science | 3 | 20.00 | 100% | 33% | 67% |